| 000 | 00637nam a2200205Ia 4500 | ||
|---|---|---|---|
| 001 | 10377 | ||
| 003 | GE_BSU | ||
| 008 | 181216s||||||||xx |||||||||||||| ||und|| | ||
| 040 | _cGE_BSU | ||
| 080 | _a821.353.1–1 | ||
| 100 | _aიაშვილი,პაოლო | ||
| 245 | _aასი ლექსი | ||
| 245 | _cრედ.ხუტა ბერულავა;მხატვ.ლ.გრიგოლია | ||
| 260 | _aთბილისი | ||
| 260 | _bნაკადული | ||
| 260 | _c1961 | ||
| 300 | _a168გვ.1ფ.პორტრ.პორტრ.17სმ. | ||
| 653 | _aასი ლექსი | ||
| 942 | _cBK | ||
| 999 |
_c43641 _d43641 |
||